00304 a2200097 4500001001000000005001700010008004100027245004100068100002600109773007100135ART_5118620260410161956.0260409a 10aLa pandemia acelera las innovaciones1 aArduino, Augusto H.L.0 tTemas de derecho comercialg- Año 6, N° 9 (sep. 2020)wREV28151